Más allá de la audacia: vida de Thomas Cochrane, décimo conde de Dundonald
Uloženo v:
| Hlavní autor: | |
|---|---|
| Médium: | Kniha |
| Jazyk: | španělština |
| Vydáno: |
Santiago
Andrés Bello
2001
|
| Témata: | |
| Tagy: |
Přidat tag
Žádné tagy, Buďte první, kdo vytvoří štítek k tomuto záznamu!
|
MARC
| LEADER | 00000nam a2200000 a 4500 | ||
|---|---|---|---|
| 001 | UCM0511 | ||
| 003 | CL-VaPUC | ||
| 008 | 020301e20010700CL |||||||||||||||||spa|d | ||
| 082 | 0 | 4 | |a 923.5 |b LOP |2 21 |
| 100 | |a López Urrutia, Carlos |e autor |9 467362 | ||
| 245 | 1 | 0 | |a Más allá de la audacia: vida de Thomas Cochrane, décimo conde de Dundonald |
| 300 | |a 383 p | ||
| 942 | |c BK | ||
| 945 | |d 20020301 00:00:00 |a cmena | ||
| 260 | |a Santiago |b Andrés Bello |c 2001 | ||
| 600 | 0 | |a Cochrane, Thomas Alexander |9 438892 | |
| 650 | 7 | |a MARINOS - BIOGRAFIAS |2 CL-VaPUC |9 323498 | |
| 650 | 7 | |a BATALLAS NAVALES |2 CL-VaPUC |9 441547 | |
| 583 | |a last modification |c 20020301 00:00:00 |k Rodrigo Vera | ||
| 999 | |c 299415 |d 299413 | ||
| 952 | |0 0 |1 0 |4 0 |6 923_500000000000000_LOP_2001 |7 0 |8 A |9 355942 |a BIBHIS |b BIBHIS |d 2019-11-21 |i 3794059 |o 923.5 LOP 2001 |p 3794059 |r 2025-01-20 |w 2019-11-21 |y BK |k HIS | ||